British plant communities. (Record no. 7348)

MARC details
000 -LEADER
fixed length control field 01598nac a22003371ib4500
003 - CONTROL NUMBER IDENTIFIER
control field EG-ScBUE
005 - DATE AND TIME OF LATEST TRANSACTION
control field 20260318091849.0
008 - FIXED-LENGTH DATA ELEMENTS--GENERAL INFORMATION
fixed length control field 260317s2000 enka f b 001 0 eng d
020 ## - INTERNATIONAL STANDARD BOOK NUMBER
International Standard Book Number 0521644763 (hardback : v. 5)
020 ## - INTERNATIONAL STANDARD BOOK NUMBER
International Standard Book Number 9780521644761
040 ## - CATALOGING SOURCE
Original cataloging agency EG-ScBUE
Language of cataloging eng
Description conventions rda
Transcribing agency EG-ScBUE
Modifying agency EG-ScBUE
043 ## - GEOGRAPHIC AREA CODE
Geographic area code e-uk---
082 04 - DEWEY DECIMAL CLASSIFICATION NUMBER
Classification number 581.52470941
Item number BRI
Edition number 22
245 ## - TITLE STATEMENT
Title British plant communities.
Number of part/section of a work Volume 5,
Name of part/section of a work Maritime communities and vegetation of open habitats /
Remainder of title J. S. Rodwell, editor ; C. D. Pigott, [and nine others] for the U.K. Nature Conservancy Committee.
246 30 - VARYING FORM OF TITLE
Title proper/short title Maritime communities and vegetation of open habitats
250 ## - EDITION STATEMENT
Edition statement First edition.
264 #1 - PUBLICATION, DISTRIBUTION, ETC. (IMPRINT)
Place of publication, distribution, etc Cambridge :
Name of publisher, distributor, etc Cambridge University Press,
Date of publication, distribution, etc 2000.
300 ## - PHYSICAL DESCRIPTION
Extent 1 volume (xiv, 512 pages) :
Other physical details illustrations ;
Dimensions 26 cm
336 ## - CONTENT TYPE
Source rdacontent
Content type term text
Content type code txt
337 ## - MEDIA TYPE
Media type term unmediated
Source rdamedia
Media type code n
338 ## - CARRIER TYPE
Carrier type term volume
Carrier type code nc
Source rdacarrier
500 ## - GENERAL NOTE
General note "For the U.K. Joint Nature Conservation Committee"--Volume 3, 5.
504 ## - BIBLIOGRAPHY, ETC. NOTE
Bibliography, etc Includes bibliographical references and indexes.
505 ## - FORMATTED CONTENTS NOTE
Formatted contents note Volume1. Woodlands and scrub -- Volume 2. Mires and heaths -- Volume 3. Grasslands and montane communities -- Volume 4. Aquatic communities, swamps, and tall-herb fens -- Volume 5. Maritime communities and vegetation of open habitats.
650 #7 - SUBJECT ADDED ENTRY--TOPICAL TERM
Topical term or geographic name as entry element Plant communities
Geographic subdivision Great Britain.
Source of heading or term BUEsh
650 #7 - SUBJECT ADDED ENTRY--TOPICAL TERM
Topical term or geographic name as entry element Vegetation classification
Geographic subdivision Great Britain.
Source of heading or term BUEsh
655 ## - INDEX TERM--GENRE/FORM
Form subdivision Reading book
700 ## - ADDED ENTRY--PERSONAL NAME
Personal name Rodwell, J. S.,
Relator term editor.
710 2# - ADDED ENTRY--CORPORATE NAME
Corporate name or jurisdiction name as entry element Joint Nature Conservation Committee (Great Britain),
Relator term editor.
942 ## - ADDED ENTRY ELEMENTS (KOHA)
Koha item type Book - Borrowing
Source of classification or shelving scheme Dewey Decimal Classification
Holdings
Withdrawn status Lost status Source of classification or shelving scheme Damaged status Not for loan Collection code Home library Current library Shelving location Date acquired Source of acquisition Total Checkouts Full call number Barcode Date last seen Price effective from Koha item type
    Dewey Decimal Classification     Baccah Central Library Central Library First floor 22/01/2008 Purchase   581.52470941 BRI 000008933 15/07/2025 22/01/2008 Book - Borrowing